|
|
|
|
| LEADER |
01924nam a22004572aa4500 |
| 001 |
001901471 |
| 003 |
CZ BrMZK |
| 005 |
20250725121442.0 |
| 007 |
ta |
| 008 |
240709s2003 xr er|||||||||||cze d |
| 015 |
|
|
|a cnb001301579
|
| 020 |
|
|
|a 80-7248-226-2
|q (brož.)
|
| 035 |
|
|
|a (OCoLC)56869205
|
| 040 |
|
|
|a ABA001
|b cze
|
| 041 |
0 |
|
|a cze
|b eng
|b ger
|
| 043 |
|
|
|a e-xr---
|b e-xr-sl
|2 czenas
|
| 045 |
|
|
|a v4x9
|
| 072 |
|
7 |
|a 94(437)
|x Dějiny Česka a Slovenska
|2 Konspekt
|9 8
|
| 080 |
|
|
|a 94(437.33)
|2 MRF
|
| 080 |
|
|
|a (048.8)
|2 MRF
|
| 100 |
1 |
|
|a Gawrecki, Dan,
|d 1943-2025
|7 jk01032345
|4 aut
|
| 245 |
1 |
0 |
|a Dějiny Českého Slezska 1740-2000 /
|c Dan Gawrecki a kol.
|
| 250 |
|
|
|a Vyd. 1.
|
| 260 |
|
|
|a Opava :
|b Slezská univerzita v Opavě, Filozoficko-přírodovědecká fakulta, Ústav historie a muzeologie,
|c 2003
|
| 300 |
|
|
|a 2 sv. (363 s., s. 369-654) ;
|c 23 cm
|
| 500 |
|
|
|a Z technických důvodů vydáno ve 2 sv.
|
| 504 |
|
|
|a Obsahuje bibliografii, bibliografické odkazy a rejstříky
|
| 546 |
|
|
|a Anglické a německé resumé
|
| 648 |
|
4 |
|a 1740-2000
|
| 651 |
|
7 |
|a Slezsko (Česko)
|7 ge138041
|x dějiny
|y 1740-2000
|2 czenas
|
| 655 |
|
7 |
|a studie
|7 fd133597
|2 czenas
|
| 856 |
4 |
1 |
|u https://www.digitalniknihovna.cz/mzk/uuid/uuid:0fd687b7-9eba-4737-bcd8-da6f8769ab2d
|y Digitalizovaný dokument
|
| 910 |
|
|
|a BOA001
|b 2-1128.904
|s 1-2
|
| 920 |
|
|
|a 000706038
|
| 920 |
|
|
|a 000706039
|
| 990 |
|
|
|a BK
|
| 991 |
|
|
|b 202405
|
| 996 |
6 |
|
|b 2610212089
|c 2-1128.904
|d 1.
|v 1
|l MZK
|r Sklad / do 1 hodiny
|n 18
|p p.v.
|w 001970124
|u 000020
|a 1
|e BOA001
|j MZK50
|s P
|
| 996 |
6 |
|
|b 2610212090
|c 2-1128.904
|d 2.
|v 2
|l MZK
|r Sklad / do 1 hodiny
|n 16
|p p.v.
|w 001970124
|u 000040
|a 1
|e BOA001
|j MZK50
|s P
|
| 996 |
7 |
|
|b 2610212586
|c 2-1128.904
|d 1.
|v 1
|l Vol.výběr
|r VV 1p
|n 45
|p kup
|h 94(437) GAW
|w 001970124
|u 000030
|a 0
|e BOA001
|j MZK50
|s A
|
| 996 |
7 |
|
|b 2610212587
|c 2-1128.904
|d 2.
|v 2
|l MZK
|r Sklad / do 1 hodiny
|n 39
|p kup
|w 001970124
|u 000050
|a 1
|e BOA001
|j MZK50
|s A
|